La educación en una sociedad de masas

שמור ב:
מידע ביבליוגרפי
פורמט: ספר
שפה:ספרדית
יצא לאור: Madrid Cultura Hispánica 1954
סדרה:Problemas Contemporáneos, 3
נושאים:
תגים: הוספת תג
אין תגיות, היה/י הראשונ/ה לתייג את הרשומה!

MARC

LEADER 00000nam a2200000 a 4500
001 UCZ7111
003 CL-VaPUC
008 951222e19540000SP |||||||||||||||||spa|d
082 0 4 |a 306.43  |b EDU  |2 21 
245 1 3 |a La educación en una sociedad de masas 
300 |a 280 p 
942 |c BK 
945 |d 19951222 00:00:00  |a cmena 
260 |a Madrid  |b Cultura Hispánica  |c 1954 
650 0 |a Educación  |9 258661 
650 0 |a Sociología de la educación   |9 260380 
650 0 |a Estado y educación   |9 311264 
650 0 |a Cultura  |9 269059 
650 0 |a Sociedad de masas  |9 268060 
650 0 |a Cultura de masas  |9 334655 
650 0 |a Ética  |9 255099 
650 0 |a Métodos de enseñanza  |9 270413 
650 0 |a Universidades  |9 256317 
583 |a last modification  |c 19951222 00:00:00  |k Rodrigo Vera 
490 0 |a Problemas Contemporáneos, 3 
999 |c 243234  |d 243232 
952 |0 0  |1 0  |4 0  |6 306_430000000000000_EDU_1954  |7 0  |8 P  |9 256752  |a BIBEDU  |b BIBEDU  |c BIBEDU_PB  |d 2019-11-19  |i 160953K  |o 306.43 EDU 1954  |p 160953K  |r 2024-01-25  |w 2019-11-19  |y BK  |k EDU